MDQL
is popping MORE tags! Check the
thread
!
Quizzes
Events
Quiz Creation
Community
Videos
Private Events
Remove Ads
Sign In
Join for FREE
Feedback
Dark Mode
Quiz Categories
Sports
Geography
Music
Movies
Television
Just For Fun
Miscellaneous
History
Literature
Language
Science
Gaming
Entertainment
Religion
Holiday
For Kids
Quiz Lab
Recent
Popular Today
Quiz Kudos Today
Editor Picks
Curator Picks
Quizzes by...
Day
Popularity
Type
Ratings
Length
Year
Community
Subscriptions
Recent Discussions
Orange Saloon
Badges
Playlists
Quests
Create
Leaderboards
Showdown
Live 5
Trivia Bingo
Activity
Puzzle Library
Sporcle Events
Private Events
Virtual Trivia
Globe League
Become a Host
Pub Owners
SporcleCon
Opinionation
Our Games
Videos
Blog
Mobile Apps
Partnerships
Remove Ads and Go Orange
Feedback
Science
Computer
Plants
Astronomy
Chemistry
Elements
Math
Animal
Physics
Anatomy
Biology
Geology
General Science
Science
Computer
Plants
Astronomy
Chemistry
Elements
Math
Animal
Physics
Anatomy
Biology
Geology
General Science
Random Quiz
Search Sporcle
×
Quiz Lab
Quiz Lab
Science
origin
Type in answers that appear in a list
Type in answers that appear in a list
Classic
Best Score? Go Orange.
Muscles of Hip: Origin & Insertion Stats
Muscles of Hip: Origin & Insertion
By
Freshpots
12m
22 Questions
96 Plays
96 Plays
96 Plays
Comments
Comments
Give Quiz Kudos
Give Quiz Kudos
-
- Ratings
hide this ad
Forced Order
Answers have to be entered in order
Answers have to be entered in order
Random Order
Randomize order of answers
Randomize order of answers
Replay
Link that replays current quiz
Next Quiz
Link to next quiz in quiz playlist
You Got
0%
They Got
Avg Score
42%
Avg Friend Score
Upgrade to see
Score Distribution
Jump to the score distribution portion of the page
Score
0/22
Timer
12:00
0
Plays Today
Origin & Insertion
Muscle
% Correct
O: Pos. Sacrum, Coccyx and Ilium (behind Gluteal line). I: Iliotibial band + Gluteal Tuberosity(Femur)
Gluteus Maximus
68.8%
O: Pectineal line (pubis). I: Pectineal line (Femur).
Pectineus
66.7%
O: Transverse process, bodies + Intevertebral discs of Lumbar v. (+ body of T12). I: Lesser Trochanter.
Psoas Major
65.6%
O: ASIS. I: Prox., Med. Tibia (Infero-
medial to Tibial tuberosity).
Sartorius
59.4%
O: Pos. Ilium (between Ant. and Pos. Gluteal lines). I: Lat. Greater Trochanter.
Gluteus Medius
58.3%
O: Pos. Ilium (between Ant. and Inf. Gluteal lines). I: Ant. Greater Trochanter.
Gluteus Minimus
54.2%
O: Upper 2/
3 of Iliac Fossa + AIIS. I: Lesser Trochanter
Iliacus
52.1%
O: Ischial Tuberosity. I: Med. shaft of Tibia + Post., Med. Condyle of Tibia.
Semitendinosus
51%
O: Lat. Iliac Crest (between ASIS and Tubercle of crest). I: Tendinous-
Iliotibial tract of Fascia Lata.
Tensor Fascia Lata
49%
O: Body + Inf. Ramus (pubis). I: Prox. 1/
3 of Linea Aspera
Adductor Brevis
45.8%
O: Ant. Pubis. I: Middle 1/
3 of Linea Aspera.
Adductor Longus
45.8%
Origin & Insertion
Muscle
% Correct
O: Obturator membrane + Ischial Rami. I: Greater Trochanter.
Obturator Externus
45.8%
O: Inf. Ramus (pubis) + Lower Ischial Tuberosity. I: Linea Aspera + Supracondylar Line.
Adductor Magnus
43.8%
O: Inf. Ramus (pubis) + Ischial Ramus. I: Med., Prox. shaft of Tibia.
Gracilis
43.8%
O: Ant. Sacrum. I: Greater Trochanter.
Piriformis
42.7%
O: External Ischial Spine. I: Greater Trochanter.
Superior Gemellus
29.2%
O: Upper Ischial Tuberosity. I: Greater Trochanter.
Inferior Gemellus
26%
O: Lat. Ischium (Ant. to Ischial Tiberosity). I: Greater Trochanter.
Quadratus Femoris
20.8%
O: Ischial Tuberosity. I: Fibula Head.
Bicep Femoris Long Head
18.8%
O: Lat. lip of Linea Aspera. I: Fibula Head.
Bicep Femoris Short Head
16.7%
O: AIIS + Illium (Ant. to Ischial tuberosity). I: Patella + Tibial Tuberosity.
Rectus Femoris Straight Head
13.5%
O: Anterolateral wall of True pelvis. I: Greater Trochanter.
Obturator Internus
12.5%
Quiz Playlist
Details
Report
Send in Message
Add To Playlist
Classic:
Type in answers that appear in a list
Forced Order:
Answers have to be entered in order
Random Order:
Randomize order of answers
Last Updated: Dec 9, 2018
Quiz Scoreboard
CHALLENGE
Sign Up to Join the Scoreboard
Show All
Scores
Hide
Comments
May contain spoilers
Recently Published
1-10 Letter E Words III
by El_Dandy
Language
2m
Street Fighter Characters
by Artimus82
Gaming
60s
College Basketball Coaching Resumes
by pancakes188
Sports
9m
More to Explore
Quiz From the Vault
Featured Blog Post
Where Did the Easter Bunny Come From?
hide this ad
You Might Also Like...
Tags
hip
muscle
origin
Today's Top Quizzes in Science
Browse Science
hide this ad
Today's Top Quizzes in origin
Browse origin
Top Contributed Quizzes in Science
1
Quick Pick: Radians
2
The First 100 Digits of Pi
3
Quick Pick: 'CI-CJ' Animals
4
Elements In Images
5
perfect squares 1-25
6
One Thing in Common: Science
7
One Thing in Common: Science II
8
One Thing in Common: Animals
9
Order Up: Organs and Body Systems
10
One Thing in Common: Science III
Explore More
Trending Topics
Kpop
Disney
Crossword
Harry Potter
Anime
Marvel
NBA
The Office
Soccer
Pokémon
Song
Country
Puzzle
WWE
NFL
hide this ad
More By:
Freshpots
Quiz
Plays
Rating
Category
Featured
Created
Muscles of Upper Extremity: Origin & Insertion
105
Science
Dec 5, 2018
Muscles of Hip: Origin & Insertion
96
Science
Dec 6, 2018
Muscles of Knee and Lower Leg: Origin & Insertion
68
Science
Dec 7, 2018
Muscles of the Trunk: Origin & Insertion
32
Science
Dec 5, 2018
Nutrition
30
Science
Dec 11, 2018
Go to Creator's Profile
Score Distribution
Quiz Creator Spotlight
Freshpots
Follow
Send a Message
Quizzes Created
-
Created Quiz Play Count
-
More By This Creator
Popular Quizzes Today
1
Find the US States - No Outlines Minefield
2
Find the Countries of Europe - No Outlines Minefield
3
The Countries of the World
4
Find the US States
5
Risky Map Clicking: Biggest States A-Z
6
US States
7
Popular People in 1961
8
Movies - When Are They Set?
More Science Quizzes
Math Theories By Image
Curator's Pick
Trending Quizzes
Risky Map Clicking: Least Populous States A-Z
Billboard Blitz: Aretha Franklin
Famous Russians: Author or Composer?
1-10 Letter G Words
Countries of the World: 200 Million BC
Recently Updated
Leaping Animals
pecheneg
Reality TV Shows (A-Z)
bhenderson79
Rickey Henderson's Hall of Fame Teammates
pecheneg
Champions League XIs: Arsenal
pecheneg
Quick Pick: Celebrities in WWE's Hall of Fame
aduchscher
A-Z Keypad Blitz II
pecheneg
Multiple Oscar Actors
pecheneg
Mystery Phrase Blitz: Oscar 'Best Actors'
pecheneg
F. Scott Fitzgerald Novels
LTH
Pick 3 Villains
ddd62291
Trending Topics
Harry Potter
Disney
NBA
Marvel
Anime
Kpop
Crossword
Song
Country
Puzzle
WWE
The Office
NFL
Soccer
Pokémon
Your Account Isn't Verified!
In order to create a playlist on Sporcle, you need to verify the email address you used during registration. Go to your
Sporcle Settings
to finish the process.
Report this User
Report this user for behavior that violates our
Community Guidelines
.
Details:
Send Report
Go to the Sporcle.com Mobile Site →
Comments